000 00284nam a2200121Ia 4500
008 231129s1966||||xx |||||||||||||| ||spa||
082 _aHAJ- 0162
100 _aLangley Nina
245 0 _aDoctor Schweitzer
260 _c1966
264 _aBarcelona: Juventud 1966
942 _2ddc
_cBKS
999 _c9716
_d9716